000
00262nam a2200109Ia 4500
005
20251222152658.0
008
251222s9999||||xx |||||||||||||| ||spa||
020
_a
8447009432
082
_a
342.460.6/83
245
0
_a
Manual de derecho Administrativo
942
_c
LIB
999
_c
28735
_d
28735